Chistes sobre nicaragüenses en Costa Rica: barreras simbólicas, mecanismos de control social, constructores de identidades/

Las autoras exploran chistes referidos a la comunidad nicaragüense. En particular, se concentran en una recopilación de chistes realizada en los años 2004-2005, y los comparan con una recopilación realizada diez años antes. Las autoras concluyen que son frecuentes los chistes que descalifican a los...

Mô tả đầy đủ

Đã lưu trong:
Chi tiết về thư mục
Tác giả chính: Paniagua Arguedas, Laura
Định dạng: Không biết
Ngôn ngữ:Spanish
Được phát hành: Costa Rica : Editorial UCR,
Những chủ đề:
Các nhãn: Thêm thẻ
Không có thẻ, Là người đầu tiên thẻ bản ghi này!

MARC

LEADER 00000 a2200000 04500
001 36849
003 cru CIDCACS/IIS
005 20190315164038.0
008 050629s2007 cr spa d
999 |c 42250  |d 42250 
020 |a 978-9968-46-074-3  
040 |c cru CIDCACS/IIS 
090 |a 14.07.01 S218m  
100 1 |a Paniagua Arguedas, Laura  |9 1064 
245 |a Chistes sobre nicaragüenses en Costa Rica:   |b barreras simbólicas, mecanismos de control social, constructores de identidades/  |c Laura Paniagua Arguedas y Karen Masís Fernández 
260 |a Costa Rica :   |b Editorial UCR,  
300 |a páginas 339-355 
520 |a Las autoras exploran chistes referidos a la comunidad nicaragüense. En particular, se concentran en una recopilación de chistes realizada en los años 2004-2005, y los comparan con una recopilación realizada diez años antes. Las autoras concluyen que son frecuentes los chistes que descalifican a los y las nicaragüenses en términos de sus competencias culturales o cognoscitivas para conducirse en la vida cotidiana. Encuentran también que abundan los chistes que se refieren a la posibilidad de destruir a las y los nicaragüenses; son también frecuentes los chistes que hipersexualización tanto a las mujeres como a los hombres nicaragüenses. Tanto la destructividad como la hipersexualización se habrían agudizado en la última década. Las autoras se interesan por explorar cuáles son rasgos de la sociedad costarricense que se advierten en el proceso de denigrara a la comunidad nicaragüense. Hacia el final del articulo, se discute en detalles los chistes en torno a la muerte de Natividad Canda Mairena. 
650 0 |a INMIGRACION  |9 1037 
650 0 |a DISCRIMINACION RACIAL  |9 633 
650 0 |a NICARAGÜENSES  |9 11 
651 0 |9 32  |a COSTA RICA 
942 |2 ddc  |c LI